000 00343nam a2200145 i 4500
001 bg
100 1 _aCESEVIC, V. P.
245 0 _aPeremennye zvezdy i sposoby ich issledovanija /
_cV.P. Cesevic.
260 _aMoskva,
_c1970.
040 _cBPK
041 _apol
080 _a524
942 _cKS
008 s pl f |000 0 pol
999 _c14010
_d14010
856 _uhttp://koha.tu.koszalin.pl/cgi-bin/koha/opac-detail.pl?biblionumber=14010
_yKatalog online BPK